000 01160nam a22003497a 4500
003 CHAP
005 20220817043224.0
008 971013s1984 r 00010 d
010 _a68925
011 _a69897
035 _a79375
040 _cCHAP
082 _a338.972
_bB8
100 0 0 _aBuzaglo, Jorge.
_916482
245 _aPlanning the mexican economy
_b: alternative development strategies
260 _aLondon :
_bCroom Helm,
_c1984
300 _a306 p.
500 _a32-73
590 _aBATCH-UPD
_b10
_c20130110
_lUCH01
_h0057
590 _aBATCH-UPD
_b10
_c20130110
_lUCH01
_h1237
590 _aBATCH-UPD
_b10
_c20130409
_lUCH01
_h2046
590 _aBATCH-UPD
_b10
_c20130410
_lUCH01
_h0804
590 _aBATCH-UPD
_b10
_c20130914
_lUCH01
_h1232
590 _aCONVERSION
_b10
_c20130109
_lUCH01
_h1338
650 1 4 _aAgricultura
_xAspectos economicos
_zMexico.
_91312
650 1 4 _aEconomía
_xModelos matemáticos.
_935251
650 1 4 _aMéxico
_xCondiciones económicas.
650 1 4 _aPolítica económica
_zMéxico.
_990535
901 _aBK
942 _cLIBRO
949 _a338.972 B8
_bBC
_cLIBRO
_d33724000434676
_eLIBRO
_gI.146824
_h15839
_i79375
_si
_t197.15
999 _c68925
_d68925